000
00234nam a2200097Ia 4500
001
796524
005
20250826170749.0
008
250824s9999 xx 000 0 und d
245
0
_a
BAŞARI EKİBİ
_c
DURAN ÇETİN
260
_b
ATLI KARINCA
999
_c
796524
_d
796524